00353nam a2200145Ia 4500008004100000020001400041040001900055041001200074082002000086245002700106260002800133300002400161650000800185850001400193131103s9999 xx 000 0 und d a356055949 aLoreto College aEnglish aREFbLCBED/5610 4aThe superbook of ships aLondonbMacdonaldc1977 a32p.b pic.c 24cm. aREF aLCBED/REF